skbl

Dr Suryya Kumar Bhuyan Library Web-OPAC
ডঃ সূৰ্য্য
কুমাৰ ভূঞা পুথিভঁৰাল ৱেব-অ'পেক

All Research Scholars are advised to clear the annual library fees to continue using Library Resources, Remote Access, Plagiarism Test and Library Clearance.

Cotton University Book Fair 2026

Rajiv Gandhi : an assessment / (Record no. 635)

MARC details
000 -LEADER
fixed length control field 00648nam a2200241Ia 4500
001 - CONTROL NUMBER
control field 637
005 - DATE AND TIME OF LATEST TRANSACTION
control field 20240113233422.0
007 - PHYSICAL DESCRIPTION FIXED FIELD--GENERAL INFORMATION
fixed length control field ta
008 - FIXED-LENGTH DATA ELEMENTS--GENERAL INFORMATION
fixed length control field 160829s1993 ii a g b000 u 465 u
020 ## - INTERNATIONAL STANDARD BOOK NUMBER
International Standard Book Number 81-900289-0-1
Terms of availability Rs.1000
040 ## - CATALOGING SOURCE
Original cataloging agency Ref.Stack
041 ## - LANGUAGE CODE
Language code of text/sound track or separate title eng
082 ## - DEWEY DECIMAL CLASSIFICATION NUMBER
Classification number 923.2
Item number Ag 11 Ra
100 ## - MAIN ENTRY--PERSONAL NAME
Personal name Aggarwala, Adish .
245 #0 - TITLE STATEMENT
Title Rajiv Gandhi : an assessment /
Statement of responsibility, etc. Adish C.Aggarwala.
Medium Textual Documents
260 ## - PUBLICATION, DISTRIBUTION, ETC.
Place of publication, distribution, etc. New Delhi :
Name of publisher, distributor, etc. Amish Publication ,
Date of publication, distribution, etc. c1993.
300 ## - PHYSICAL DESCRIPTION
Extent 300p. :
Other physical details ill ;
Dimensions 28cm. .
365 ## - TRADE PRICE
Price type code Rs.1000
653 ## - INDEX TERM--UNCONTROLLED
Uncontrolled term Biography - Rajiv Gandhi
942 ## - ADDED ENTRY ELEMENTS (KOHA)
Source of classification or shelving scheme Dewey Decimal Classification
Koha item type Books
Holdings
Withdrawn status Lost status Damaged status Not for loan Home library Current library Date acquired Source of acquisition Coded location qualifier Cost, normal purchase price Total checkouts Full call number Barcode Date last seen Copy number Price effective from Koha item type Public note
        Dr. Suryya Kumar Bhuyan Library Dr. Suryya Kumar Bhuyan Library 01/02/2012 31 00000 1000.00   923.2 Ag 11 Ra 88391/27 13/01/2024 1 01/02/2012 Books 31

Designed and Maintained by Team SKBL
©1901-2026

Powered by Koha